<?xml version="1.0" encoding="UTF-8"?>
<record
    xmlns:xsi="http://www.w3.org/2001/XMLSchema-instance"
    xsi:schemaLocation="http://www.loc.gov/MARC21/slim http://www.loc.gov/standards/marcxml/schema/MARC21slim.xsd"
    xmlns="http://www.loc.gov/MARC21/slim">

  <leader>00517nam a2200169Ia 4500</leader>
  <controlfield tag="008">230718s9999    xx            000 0 und d</controlfield>
  <datafield tag="020" ind1=" " ind2=" ">
    <subfield code="a">9781259004124</subfield>
  </datafield>
  <datafield tag="041" ind1=" " ind2=" ">
    <subfield code="a">eng</subfield>
  </datafield>
  <datafield tag="082" ind1=" " ind2=" ">
    <subfield code="a">158.1</subfield>
    <subfield code="b">McN</subfield>
  </datafield>
  <datafield tag="100" ind1=" " ind2=" ">
    <subfield code="a">McNally D.</subfield>
    <subfield code="9">193172</subfield>
  </datafield>
  <datafield tag="245" ind1=" " ind2=" ">
    <subfield code="a">Be Your Own Brand</subfield>
    <subfield code="b">Achieve More Of What You Want By Being More Of Who You Are</subfield>
  </datafield>
  <datafield tag="260" ind1=" " ind2=" ">
    <subfield code="c">2011</subfield>
    <subfield code="b">Tata McGraw-Hill</subfield>
  </datafield>
  <datafield tag="300" ind1=" " ind2=" ">
    <subfield code="a">143</subfield>
  </datafield>
  <datafield tag="365" ind1=" " ind2=" ">
    <subfield code="c">Rs.</subfield>
    <subfield code="b">375.00</subfield>
  </datafield>
  <datafield tag="700" ind1=" " ind2=" ">
    <subfield code="a">McNally D. &amp; Speak K.D.</subfield>
    <subfield code="9">193173</subfield>
  </datafield>
  <datafield tag="906" ind1=" " ind2=" ">
    <subfield code="d">O:0257715-Feb-2012B:1065114-Jan-2012</subfield>
    <subfield code="c">ETC </subfield>
    <subfield code="b">93.75</subfield>
  </datafield>
  <datafield tag="999" ind1=" " ind2=" ">
    <subfield code="c">329896</subfield>
    <subfield code="d">329896</subfield>
  </datafield>
  <datafield tag="952" ind1=" " ind2=" ">
    <subfield code="0">0</subfield>
    <subfield code="1">0</subfield>
    <subfield code="2">ddc</subfield>
    <subfield code="4">0</subfield>
    <subfield code="7">0</subfield>
    <subfield code="a">CCEP</subfield>
    <subfield code="b">CCEP</subfield>
    <subfield code="d">2012-02-11</subfield>
    <subfield code="e">Technical Book Services</subfield>
    <subfield code="f">ETC </subfield>
    <subfield code="g">281.25</subfield>
    <subfield code="i">10651</subfield>
    <subfield code="o">158.1</subfield>
    <subfield code="p">CCEP-BK-41103</subfield>
    <subfield code="r">2023-07-18 00:00:00</subfield>
    <subfield code="t">93.75</subfield>
    <subfield code="v">375.00</subfield>
    <subfield code="w">2012-01-14</subfield>
    <subfield code="y">BK</subfield>
    <subfield code="z">041103</subfield>
  </datafield>
</record>
